Statistics for Rhys Ifans Filmography

Click here to take the quiz!

General Stats

  • This quiz has been taken 12 times
    (3 since last reset)
  • The average score is 16 of 148

Answer Stats

TypeYearName% Correct
Film2016Alice Through the Looking Glass
67%
Film2010Harry Potter and the Deathly Hallows - Part 1
67%
TV Show2022-PresentHouse of the Dragon
67%
Film1999Notting Hill
67%
Film2023Nyad
67%
Film2021Spider-Man: No Way Home
67%
Film2012The Amazing Spider-Man
67%
Film2009The Boat That Rocked
67%
Film2004Vanity Fair
67%
Theater2017-2018A Christmas Carol
33%
Film1996August
33%
TV Show2016-2019Berlin Station
33%
Film2001Christmas Carol: The Movie
33%
Film2005Chromophobia
33%
TV Show2013-2014Elementary
33%
Film2007Elizabeth: The Golden Age
33%
Film2004Enduring Love
33%
Film2007Four Last Songs
33%
Film2006Garfield: A Tale of Two Kitties
33%
Film2010Greenberg
33%
Film2007Hannibal Rising
33%
Film2001Hotel
33%
Film2001Human Nature
33%
Film2000Little Nicky
33%
Film2020Misbehaviour
33%
Film2023Mother Couch
33%
Film2010Mr. Nice
33%
Film2010Nanny McPhee and the Big Bang
33%
TV Mini-Series2011Neverland
33%
Film2002Once Upon a Time in the Midlands
33%
Film2014She's Funny That Way
33%
Film2016Snowden
33%
Film2012The Five-Year Engagement
33%
Film2008The Informers
33%
Film2021The King's Man
33%
Film2021The Phantom of the Open
33%
Film2000The Replacements
33%
Film2001The Shipping News
33%
Film1999You're Dead
33%
Theater1995-1996Absolute Hell
0%
Theater2003Accidental Death of an Anarchist
0%
Theater1995-1996Alice's Adventures Underground
0%
Theater1995-1996, 1996-1997A Little Night Music
0%
Theater1992A Midsummer Night's Dream
0%
Short Film2019Anna and Kiko
0%
TV Show2007Annually Retentive
0%
Film2011Anonymous
0%
Film2013Another Me
0%
TV Film2008A Number
0%
Theater1997Badfinger
0%
Theater1994Beautiful Thing
0%
Theater1996-1997Blinded by the Sun
0%
Theater1996-1997Blue Remembered Hills
0%
Theater1995-1996Broken Glass
0%
Short Film2008Come Here Today
0%
Theater1995-1996Cyrano
0%
Film1998Dancing at Lughnasa
0%
Film2003Danny Deckchair
0%
Theater1995-1996Dealer's Choice
0%
Theater1996-1997Death of a Salesman
0%
Film2016Dominion
0%
Theater2006-2007Don Juan in Soho
0%
Theater1996-1997Elsinore
0%
Theater2018Exit the King
0%
Documentary2010Exit Through the Gift Shop: A Banksy Film
0%
Theater1996-1997Fair Ladies of a Game of Cards
0%
Short Film2023Fiona
0%
Theater1996-1997Frogs
0%
Theater1996-1997Guys and Dolls
0%
TV Show1999Heart
0%
Music Video1996Hometown Unicorn
0%
TV Short1999Hooves of Fire
0%
Film1999Janice Beard
0%
Theater1996-1997John Gabriel Borkman
0%
Film2000Kevin & Perry Go Large
0%
Theater2016King Lear
0%
Film2021La Cha Cha
0%
Theater1995-1996La Grande Magia
0%
Film2017Last Call
0%
Film2015Len and Company
0%
Theater1996-1997Light Shining in Buckinghamshire
0%
Film2000Love, Honour and Obey
0%
Film2014Madame Bovary
0%
Film2005Midsummer Dream
0%
Theater1995-1996, 1996-1997Mother Courage and Her Children
0%
Film2009Mr. Nobody
0%
Music Video1998Mulder and Scully
0%
TV Show1993Nightshift
0%
TV Film2004Not Only But Always
0%
Film2019Official Secrets
0%
Theater2019On Bear Ridge
0%
Theater1995-1996Out of a House Walked a Man
0%
Film2010Passion Play
0%
TV Show2013Playhouse Presents
0%
Theater1993Poison Pen
0%
Film2000Rancid Aluminum
0%
TV Film1993Rhag Pob Brad
0%
Theater1995-1996, 1996-1997Richard II
0%
Theater1995-1996Rosencrantz and Guildenstern Are Dead
0%
TV Show2000Sali Mali
0%
TV Show1995Screen Two
0%
Film2014Serena
0%
TV Show1996Shakespeare Shorts
0%
Theater1995-1996Skylight
0%
TV Show1989Slac yn Dynn
0%
Theater1993Smoke
0%
TV Show1991Spatz
0%
Theater1995-1996, 1996-1997Stanley
0%
TV Mini-Series2021Temple
0%
Film2001The 51st State
0%
Theater1995-1996The Blue Ball
0%
Theater1995-1996The Children's Hour
0%
TV Pilot2012The Corrections
0%
Theater1996-1997The Cripple of Inishmaan
0%
Short Film1998The Deadness of Dad
0%
Theater1996-1997The Designated Mourner
0%
Theater1996-1997The Ends of the Earth
0%
Theater1986The Government Inspector
0%
Theater1996-1997The Homecoming
0%
Music Video2005The Importance of Being Idle
0%
TV Show2008The Last Word Monologues
0%
Theater1995-1996The Machine Wreckers
0%
Theater1995-1996The Man Who
0%
Film2015The Marriage of Reason & Squalor
0%
Theater1995-1996The Merry Wives of Windsor
0%
Theater1996-1997The Oedipus Plays
0%
Short Film2011The Organ Grinder's Monkey
0%
Film2018The Parting Glass
0%
Theater1996-1997The Prince's Play
0%
Theater1996-1997The Red Balloon
0%
Theater1996-1997The Seven Streams of the River Ota
0%
TV Short1997The Sin Eater
0%
Short Film2005The Undertaker
0%
Theater1995-1996, 1996-1997The Way of the World
0%
Theater1995-1996The Wind in the Willows
0%
Theater1994Theyestes
0%
Theater2020To Kill a Mockingbird
0%
TV Show1997Trial & Retribution
0%
Film1997Twin Town
0%
Theater1995-1996Two Weeks with the Queen
0%
Film2015Under Milk Wood
0%
Theater1995-1996Under Milk Wood
0%
Theater1995-1996Violin Time
0%
Theater1995-1996, 1996-1997Volpone
0%
Theater1996-1997War and Peace
0%
Theater1995-1996What the Butler Saw
0%
Theater1995-1996, 1996-1997Wild Oats
0%
Theater1995-1996Women of Troy
0%

Score Distribution

Percentile by Number Answered

Percent of People with Each Score

Your Score History

You have not taken this quiz since the last reset